Updated code of practice for project management (Record no. 71531)
[ view plain ]
| 000 -LEADER | |
|---|---|
| fixed length control field | 00947cam a2200181 4500 |
| 001 - CONTROL NUMBER | |
| control field | WB3841-17 |
| 008 - FIXED-LENGTH DATA ELEMENTS--GENERAL INFORMATION | |
| fixed length control field | 021105n2002 000 0 eng u |
| 035 ## - SYSTEM CONTROL NUMBER | |
| System control number | (Sirsi) u120379 |
| 245 ## - TITLE STATEMENT | |
| Title | Updated code of practice for project management |
| 260 ## - PUBLICATION, DISTRIBUTION, ETC. | |
| Date of publication, distribution, etc. | 2002 |
| 490 ## - SERIES STATEMENT | |
| Series statement | RICS News Service |
| Volume/sequential designation | 31 October 2002, (1) |
| 520 ## - SUMMARY, ETC. | |
| Summary, etc. | New third edition of industry standard work "Code of practice for project management for construction and development" substantially revises and updates previous edition in light of intensive consultation between CIOB, RICS and other professional bodies. It provides an authorative guide to principles and practice of construction project management and will become a key reference source on subject. www.rics.org/ricscms/bin/show?class=News&template=/includes/shownews.html&id=4079 |
| 590 ## - LOCAL NOTE (RLIN) | |
| Local note | WB |
| 650 ## - SUBJECT ADDED ENTRY--TOPICAL TERM | |
| Topical term or geographic name entry element | BUILT ENVIRONMENT |
| 650 ## - SUBJECT ADDED ENTRY--TOPICAL TERM | |
| Topical term or geographic name entry element | RISK MANAGEMENT |
| 690 ## - LOCAL SUBJECT ADDED ENTRY--TOPICAL TERM (OCLC, RLIN) | |
| Topical term or geographic name as entry element | Project management |
| 9 (RLIN) | 6261 |
| 942 ## - ADDED ENTRY ELEMENTS (KOHA) | |
| Suppress in OPAC | 0 |
| Withdrawn status | Lost status | Source of classification or shelving scheme | Damaged status | Not for loan | Home library | Current library | Shelving location | Date acquired | Total Checkouts | Full call number | Barcode | Date last seen | Copy number | Price effective from | Koha item type |
|---|---|---|---|---|---|---|---|---|---|---|---|---|---|---|---|
| Dewey Decimal Classification | London | London | News article | 05/11/2002 | WB3841-17 | 120379-1001 | 06/08/2019 | 1 | 06/08/2019 | News article |